[Event "GER-ch Net Amateur Gr-C Vor1"]
[Site "Playchess.com INT"]
[Date "2020.04.14"]
[Round "4"]
[White "Franke, Hannes"]
[Black "Kanbach, Tim Casimir"]
[Result "1-0"]
[WhiteElo "1620"]
[BlackElo "1216"]
[PlyCount "61"]
[EventDate "2020.04.14"]
[EventType "swiss (blitz)"]
[EventRounds "9"]
[EventCountry "GER"]
[SourceTitle "CBM 196 Extra"]
[Source "ChessBase"]
[SourceDate "2020.07.31"]
[SourceVersion "1"]
[SourceVersionDate "2020.07.31"]
[SourceQuality "1"]

1. d4 d5 2. Nf3 Nc6 3. c4 Nf6 4. Bf4 Bf5 5. Nc3 e6 6. e3 Bd6 7. Ne5 Bxe5 8. dxe5 Nd7 9. cxd5 exd5 10. Nxd5 Nb6 11. Nxb6 Qxd1+ 12. Rxd1 cxb6 13. Bb5 0-0 14. Rd5 h6 15. 0-0 Rac8 16. h3 Rfd8 17. Rfd1 Bc2 18. R1d2 Be4 19. Rxd8+ Nxd8 20. b3 Rc1+ 21. Kh2 a6 22. Rxd8+ Kh7 23. Bd3 Bxd3 24. Rxd3 Rc2 25. f3 Rxa2 26. Rd7 Ra3 27. Rxf7 Rxb3 28. e6 Kg8 29. Rxb7 Kf8 30. Bd6+ Ke8 31. Rb8# 1-0

[Event "GER-ch Net Amateur Gr-C Vor1"]
[Site "Playchess.com INT"]
[Date "2020.04.14"]
[Round "1"]
[White "Franke, Hannes"]
[Black "Mueller, Cosima"]
[Result "0-1"]
[WhiteElo "1620"]
[BlackElo "1445"]
[PlyCount "54"]
[EventDate "2020.04.14"]
[EventType "swiss (blitz)"]
[EventRounds "9"]
[EventCountry "GER"]
[SourceTitle "CBM 196 Extra"]
[Source "ChessBase"]
[SourceDate "2020.07.31"]
[SourceVersion "1"]
[SourceVersionDate "2020.07.31"]
[SourceQuality "1"]

1. d4 Nf6 2. Nf3 d5 3. e3 Nc6 4. Bd3 Bg4 5. 0-0 Bxf3 6. Qxf3 e5 7. Qd1 exd4 8. exd4 Nxd4 9. Bg5 Be7 10. Re1 0-0 11. Nc3 Re8 12. Bxh7+ Kxh7 13. Qxd4 c6 14. Qh4+ Kg8 15. Ne2 Ne4 16. Bxe7 Qxe7 17. Qg4 Qf6 18. Nf4 Nd2 19. Rxe8+ Rxe8 20. Nh5 Qg6 21. Qxg6 fxg6 22. Ng3 Nc4 23. Kf1 Nxb2 24. Rb1 Nc4 25. Rxb7 Nd2+ 26. Kg1 Re1+ 27. Nf1 Rxf1# 0-1